LEADER 02951nam 22007095u 450 001 9910156327903321 005 20211006144812.0 010 $a9783318033700 010 $a3318033707 035 $a(CKB)3780000000101241 035 $a(OCoLC)1046112845 035 $a(SZ-BaSKA)222550 035 $a(MiAaPQ)EBC31866239 035 $a(Au-PeEL)EBL31866239 035 $a(EXLCZ)993780000000101241 100 $a20211006d1994 uy 0 101 0 $aeng 135 $aurunu||||| 181 $ctxt$2rdacontent 182 $cc$2rdamedia 183 $acr$2rdacarrier 200 10$aCardiorenal Disease : $e4th European Meeting on Cardionephrology, Assisi, March 1993 / $f editors, M. Timio, V. Wizemann 205 $a1st ed. 210 $aBasel : $cS. Karger, $d1994 215 $a1 online resource (X + 206 pages) : $c 44 figures, 27 tables 225 0 $aContributions to Nephrology, $x1662-2782 ; $vVol.106 311 08$a9783805558303 311 08$a3805558309 327 $a978-3-8055-5830-3_Cover -- 978-3-8055-5830-3_00I -- 978-3-8055-5830-3_001 -- 978-3-8055-5830-3_007 -- 978-3-8055-5830-3_013 -- 978-3-8055-5830-3_026 -- 978-3-8055-5830-3_030 -- 978-3-8055-5830-3_036 -- 978-3-8055-5830-3_043 -- 978-3-8055-5830-3_053 -- 978-3-8055-5830-3_059 -- 978-3-8055-5830-3_063 -- 978-3-8055-5830-3_068 -- 978-3-8055-5830-3_074 -- 978-3-8055-5830-3_084 -- 978-3-8055-5830-3_090 -- 978-3-8055-5830-3_094 -- 978-3-8055-5830-3_099 -- 978-3-8055-5830-3_106 -- 978-3-8055-5830-3_110 -- 978-3-8055-5830-3_114 -- 978-3-8055-5830-3_119 -- 978-3-8055-5830-3_125 -- 978-3-8055-5830-3_129 -- 978-3-8055-5830-3_135 -- 978-3-8055-5830-3_138 -- 978-3-8055-5830-3_141 -- 978-3-8055-5830-3_148 -- 978-3-8055-5830-3_153 -- 978-3-8055-5830-3_157 -- 978-3-8055-5830-3_162 -- 978-3-8055-5830-3_166 -- 978-3-8055-5830-3_174 -- 978-3-8055-5830-3_179 -- 978-3-8055-5830-3_186 -- 978-3-8055-5830-3_190 -- 978-3-8055-5830-3_193 -- 978-3-8055-5830-3_198 -- 978-3-8055-5830-3_202. 410 0$aIssn Series 606 $aNephrology 606 $aCardiovascular System 606 $aInternal Medicine 606 $aGerontology / Geriatrics 606 $aHematology 606 $aMetabolism 606 $aPathology 606 $aPhysiology 606 $aRespiratory System 606 $aTransplantation 606 $aUrology 615 14$aNephrology 615 14$aCardiovascular System 615 14$aInternal Medicine 615 24$aGerontology / Geriatrics 615 24$aHematology 615 24$aMetabolism 615 24$aPathology 615 24$aPhysiology 615 24$aRespiratory System 615 24$aTransplantation 615 24$aUrology 676 $a616.6/1 700 $aTimio$b M 701 $aTimio$b Mario$f1938-$0293963 701 $aWizemann$b V$01215138 801 0$bUKSKG 801 1$bUKSKG 906 $aBOOK 912 $a9910156327903321 996 $aCardiorenal Disease$92867139 997 $aUNINA LEADER 02169nas--2200421-n-450 001 990008897900403321 005 20250917101307.0 011 $a0469-5461 035 $a000889790 035 $aFED01000889790 035 $a(Aleph)000889790FED01 035 $a000889790 091 $2CNR$aP 00095217 100 $a20090724b19511988km-y0itaa50------ba 101 0 $aita 110 $aauu-------- 200 1 $aAnnali della Facoltà di Lettere e Filosofia. Università di Napoli 207 1$a1951-1988 210 $aNapoli$c[s.n.] 326 $aAnnuale 530 0 $aAnnali della Facoltà di Lettere e Filosofia. Università di Napoli 675 $a1 675 $a82 675 $a378 712 02$aUniversità degli studi di Napoli.$bFacoltà di lettere e filosofia 801 0$aIT$bACNP$c20090723 859 4 $uhttp://acnp.cib.unibo.it/cgi-ser/start/it/cnr/dc-p1.tcl?catno=63658&person=false&language=ITALIANO&libr=&libr_th=unina1$zBiblioteche che possiedono il periodico 901 $aSE 912 $a990008897900403321 958 $aBiblioteca della Facoltà di Economia Complesso Universitario Monte S. Angelo- Università degli Studi di Napoli "Federico II"$b1951-1954;$fDECBC 958 $aNucleo Bibliotecario di Geografia.Facoltà di Lettere e Filosofia.Università degli Studi di Napoli Federico II$b1951-1980;1982;1985;1988.$eZ-02-02$fILFGE 959 $aDECBC 959 $aILFGE 996 $aAnnali della Facoltà di Lettere e Filosofia. Università di Napoli$9801154 997 $aUNINA AP1 8 $6866-01$aNA042 Biblioteca della Facoltà di Economia Complesso Universitario Monte S. Angelo- Università degli Studi di Napoli "Federico II"$evia Cinthia,26, 80126 Napoli (NA)$m081676647-0816782$m081676684$nit AP1 8 $6866-02$aNA239 Nucleo Bibliotecario di Geografia.Facoltà di Lettere e Filosofia.Università degli Studi di Napoli Federico II$bZ-02-02$evia Rodinò 22/Largo S. Marcellino 10, 80138 Napoli (NA)$m0812538238$nit AP2 40$aacnp.cib.unibo.it$nACNP Italian Union Catalogue of Serials$uhttp://acnp.cib.unibo.it/cgi-ser/start/it/cnr/df-p.tcl?catno=63658&language=ITALIANO&libr=&person=&B=1&libr_th=unina&proposto=NO